Biblioteca

Hacia un liderazgo misional y global : (Registro nro. 65100)

Detalles MARC
000 -LÍDER
Campo fijo de descripción fija 02475cam a2200517 i 4500
001 - NÚMERO DE CONTROL
Campo de control 768714001
003 - IDENTIFICADOR DEL NÚMERO DE CONTROL
Campo de control CO-MdFUSB
005 - FECHA Y HORA DE LA ULTIMA TRANSACCIÓN
control field 20200528131923.0
007 - CAMPO FIJO DE DESCRIPCIÓN FIJA--INFORMACIÓN GENERAL
Campo fijo de descripción fija ta
007 - CAMPO FIJO DE DESCRIPCIÓN FIJA--INFORMACIÓN GENERAL
Campo fijo de descripción fija cr aa aaaaa
008 - ELEMENTOS DE LONGITUD FIJA -- INFORMACIÓN GENERAL
Campo fijo de descripción fija -- Información general 170519t20172017ck a b 000 0 spa d
020 ## - NÚMERO INTERNACIONAL NORMALIZADO PARA LIBROS
Número Internacional Normalizado del libro 9781911372257
Información adicional (pbk.)
020 ## - NÚMERO INTERNACIONAL NORMALIZADO PARA LIBROS
Número Internacional Normalizado del libro 1911372254
Información adicional (pbk.)
020 ## - NÚMERO INTERNACIONAL NORMALIZADO PARA LIBROS
Número Internacional Normalizado del libro 9781911372967
Información adicional Electrònico
040 ## - FUENTE DE CATALOGACIÓN
Agencia de catalogación original NLE
Idioma de catalogación eng
Convenciones de la descripción rda
Agencia que realiza la transcripción CO-MdFUSB
Agencia que realiza la modificación OCLCO
-- OCLCF
-- OCLCQ
-- CO-MdFUSB
041 ## - CÓDIGO DE IDIOMA
Código de idioma para texto/pista de sonido o título separado spa
Código de idioma original eng
082 ## - NÚMERO DE CLASIFICACIÓN DECIMAL DEWEY
Número de la edición del Dewey 22
Número de clasificación 266
Clave de autor-Numero de item F831
100 1# - ASIENTO PRINCIPAL--NOMBRE PERSONAL
Nombre personal Franklin, Kirk,
Término relacionador autor.
240 ## - TITULO UNIFORME
Título uniforme <a href="Towards Global Missional Leadership : a journey through leadership paradigm shift in the mission of God /">Towards Global Missional Leadership : a journey through leadership paradigm shift in the mission of God /</a>
245 10 - TÍTULO
Título del Material Hacia un liderazgo misional y global :
Parte restante del título - Subtitulo explorando un cambio de paradigmas en la misión de Dios.
Mención de responsabilidad, etc. / Kirk J. Franklin ; con Dave y Deborah Crough ; prefacio por Paul Bendor-Samuel ; traducido por Equipo Alianza Global Wycliffe Américas
Medio físico [Físico y electrónico]
250 ## - MENCIÓN DE EDICIÓN
Mención de edición Segunda edición.
264 #1 - PRODUCCIÓN, PUBLICACIÓN, DISTRIBUCIÓN, MANUFACTURA, Y COPYRIGHT
Lugar de producción, publicación, distribución, manufactura Oxford :
Nombre del productor, publicador, distribuidor Regnum,
Fecha de producción, publicación, distribución, manufactura, o copyright [2018]
264 #4 - PRODUCCIÓN, PUBLICACIÓN, DISTRIBUCIÓN, MANUFACTURA, Y COPYRIGHT
Nombre del productor, publicador, distribuidor Alianza Global Wycliffe Américas,
Fecha de producción, publicación, distribución, manufactura, o copyright ©2017
300 ## - DESCRIPCIÓN FÍSICA
Extensión 188 pages :
Otros detalles físicos illustrations ;
Dimensiones 22 cm.
300 ## - DESCRIPCIÓN FÍSICA
Extensión 162 páginas
Dimensiones ;
336 ## - TIPO DE CONTENIDO
Término de tipo de contenido texto
Código de tipo de contenido txt
Fuente rdacontent.
336 ## - TIPO DE CONTENIDO
Término de tipo de contenido texto
Código de tipo de contenido txt
Fuente rdacontent.
337 ## - TIPO DE MEDIO
Nombre del tipo de medio sin mediación
Código del tipo de medio n
Fuente rdamedia.
337 ## - TIPO DE MEDIO
Nombre del tipo de medio informático
Código del tipo de medio c
Fuente rdamedia.
338 ## - TIPO DE SOPORTE
Nombre del tipo de soporte volumen
Código Tipo de soporte nc
Fuente rdacarrier.
338 ## - TIPO DE SOPORTE
Nombre del tipo de soporte remoto
Código Tipo de soporte cr
Fuente rdacarrier.
490 ## - MENCIÓN DE SERIE
Mención de serie Regnum practitioner,
505 ## - NOTA DE CONTENIDO
Nota de contenido con formato preestablecido El Dios trino y la Missio Dei -- Globalización y glocalización en la Missio Dei. -- Cambios de paradigmas y policentrismo en la Missio Dei -- Amistad y comunidad en la Mssio Dei. -- Practicantes reflexivos y el proceso consultivo en la Missio Dei. -- Generosidad en espíritu y práctica en la Missio Dei. -- Formando una mentalidad misional global.
506 ## - NOTA DE RESTRICCIONES DE ACCESO
Condiciones de acceso Préstamo en biblioteca del libro físico
506 ## - NOTA DE RESTRICCIONES DE ACCESO
Condiciones de acceso Solicitar clave y usuario para acceder al libro electrónico
563 ## - NOTA DE ENCUADERNACIÓN
Nota de encuadernación Rústico.
650 #7 - ASIENTO SECUNDARIO DE MATERIA - TERMINO TEMÁTICO
Término temático o nombre geográfico como elemento de entrada Iglesia
9 (RLIN) 655
Subdivisión general Misiones
650 #7 - ASIENTO SECUNDARIO DE MATERIA - TERMINO TEMÁTICO
Término temático o nombre geográfico como elemento de entrada Iglesia
9 (RLIN) 655
650 #7 - ASIENTO SECUNDARIO DE MATERIA - TERMINO TEMÁTICO
Término temático o nombre geográfico como elemento de entrada Teología pastoral
9 (RLIN) 227
700 1# - ASIENTO SECUNDARIO - NOMBRE PERSONAL
Nombre personal Crough, Dave,
Responsabilidad autor.
700 1# - ASIENTO SECUNDARIO - NOMBRE PERSONAL
Nombre personal Crough, Deborah,
Responsabilidad autor.
856 ## - LOCALIZACIÓN Y ACCESO ELECTRÓNICOS
Identificador Uniforme del Recurso <a href="http://search.ebscohost.com/login.aspx?direct=true&scope=site&db=nlebk&db=nlabk&AN=1682365">http://search.ebscohost.com/login.aspx?direct=true&scope=site&db=nlebk&db=nlabk&AN=1682365</a>
Numero de Acceso 1682365
Nota dirigida al público <a href="Abrir Versión electrónica del libro acia un liderazgo misional y global : explorando un cambio de paradigmas en la misión de Dios.">Abrir Versión electrónica del libro acia un liderazgo misional y global : explorando un cambio de paradigmas en la misión de Dios.</a>
942 ## - TIPO DE MATERIAL (KOHA)
Tipo de Item KOHA Libros General
945 ## - INFORMACIÓN LOCAL DEL REGISTRO
Catalogador JTF-925
Existencias
Estado de Material Estado de Perdido Forma de Clasificación Estado de Dañado No para Préstamo Colección Biblioteca de Origen Biblioteca Permanente Fecha de Adquisición Área Total de Préstamos Signatura Topográfica Código de Barras Última vez visto Ejemplar/Existencia Fecha de Remplazo Tipo de Material Forma de Adquisición Última vez Préstado Ubicación en Estantería Url Nota Pública
    Dewey Decimal Classification     Colección de Reserva Biblioteca FUSBC Biblioteca FUSBC 28/05/2020 MISIONES / EVANGELISMO   G 266 F831h 22134 12/12/2019 Ej. 1 11/07/2019 Libros General          
    Dewey Decimal Classification     Colección de Reserva Biblioteca FUSBC Biblioteca FUSBC 28/05/2020 MISIONES / EVANGELISMO 1 G 266 F831h 22135 10/10/2023 Ej. 2 11/07/2019 Libros General Compra 25/09/2023      
    Dewey Decimal Classification     Colección Libros Electrónicos Biblioteca FUSBC Biblioteca FUSBC 11/07/2019 MISIONES / EVANGELISMO     ID1682365 26/03/2020 Ej. 1 11/07/2019 Libro electrónico Compra   Libro electrónico https://bit.ly/39z289G LIBRO ELECTRÓNICO - Seguir el link de acceso

Biblioteca FUSBC | Teléfono: (57+4) 349 88 10 Ext. 141| WhatsApp (+57) 3005338115 
E-mail: biblioteca@unisbc.edu.co | Calle 76 87-14 Robledo Palenque, Medellín, Colombia

Con tecnología Koha